| 000 | 01524nam a22002417a 4500 | ||
|---|---|---|---|
| 005 | 20151014092629.0 | ||
| 008 | 151005k1906 sp ||||fr|||| 000 0 spa d | ||
| 040 |
_cSandra Yazo _dSandra Yazo |
||
| 041 | 0 | _aspa | |
| 082 | 0 | 4 |
_220 _a780 |
| 092 | _aE37N102 | ||
| 100 | 1 |
_aPedrell, Felipe _d1841-1922 _972018 |
|
| 245 | 1 | 0 |
_aMusicalerías _bSelección de artículos escogidos de crítica musical _cFelípe Pedrell |
| 260 |
_aValencia (ESpaña) _bF. Sampere y compañía, editores _c1906? |
||
| 300 |
_avii, 238 páginas _c19 x 13 cm. |
||
| 500 | _aDetalles físicos: Encuadernación flexible en cartulina. Tapa delantera con datos de publicación impresos, varios sellos de tinta. Ejemplar desencuadernado. Manchas de polvo y humedad. Algunas hojas con roturas, cortes desiguales y en varios tamaños. Falta tapa posterior | ||
| 505 | 2 | _aA modo de proemio ; Todos críticos ; Programas de conciertos ; Carta abierta al insigne crítico musical e ilustrado profesor de estética Eduardo Hanslick ; De ciencia Danzaria ; La exhibición ; Música de festejos ; La vihuela y los vihuelista ; Operas nuevas ; Datos para la historia dela ópera en Barcelona ; Nuevo comentario sobre el Parsifal ; Formularios de crítica al uso ; El informacionismo ; Dos tratados técnicos ; Monodia y poliodia ; Crítica batuecas ; Formularios para componer | |
| 506 | _aConsulta en sala | ||
| 650 | 7 |
_919976 _aMúsica |
|
| 650 | 7 |
_911297 _aComposición musical |
|
| 690 |
_942746 _aArte |
||
| 942 |
_2LOCAL _cLIBRO _e1 _hE37N102 |
||
| 999 |
_c301763 _d301763 |
||